00645nam a2200217Ia 4500008004100000020001800041050001400059100001800073245003200091245004900123260001000172260001400182260000900196300001400205300002500219300001000244440001900254650003200273999001900305952010300324180207s9999 xx 000 0 und d a9847999000426 bK556 2012 aKinkaid, Ryan afixes the gloomy glum day / cby Ryan Kinkaid ; illustrated by Dave Titus. aUSA : bStuffies, c2012 aunpaged : bcolor illustration ; c20cm. aBizzy the bee. aAnother stuffies adventure. c355657d355657 001040aSSISMbSSISMd2018-02-07l0oER K556 2012pSSISM5202r2018-02-07 00:00:00w2018-02-07yBK